Výpočet priebehu minimálnej plavebnej hladiny na Bodrogu

Gespeichert in:
Bibliographische Detailangaben
1. Verfasser: Šipka, Matej, 1989- (Verfasst von)
Weitere Verfasser: Cabadaj, Roman, 1977- (Betreuung Doktorarbeit)
Format: Manuskript Buch
Sprache:Slowakisch
Veröffentlicht: Bratislava : STU v Bratislave SvF, 2012
Schlagworte:
Online-Zugang:VAIS
Tags: Tag hinzufügen
Keine Tags, Fügen Sie das erste Tag hinzu!

MARC

LEADER 00000ntm a22000003a 4500
001 stu252654
005 20150617230226.0
008 120721s2012----xo------------------slo-d
040 |a STU  |b slo 
041 0 |a slo 
044 |a xo 
100 1 |a Šipka, Matej,  |d 1989-  |4 aut  |u V  |T SvF Stavebná fakulta  |X 69975  |U V  |Y 10  |7 A000069975 
242 0 0 |a computation over a minimum navigation levels on the river Bodrog  |y eng 
245 1 |a Výpočet priebehu minimálnej plavebnej hladiny na Bodrogu 
260 |a Bratislava :  |b STU v Bratislave SvF,  |c 2012 
650 7 |a vodné stavby a vodné hospodárstvo  |2 stusub 
650 7 |a Hydraulic Engineering and Water Resources Management  |2 estusub 
650 7 |a HEC-RAS  |2 estusub 
650 7 |a HEC-RAS  |2 stusub 
650 7 |a HEC-RAS  |2 estusub 
650 7 |a HEC-RAS  |2 stusub 
700 1 |a Cabadaj, Roman,  |d 1977-  |4 ths  |u V170  |U SvF Stavebná fakulta  |T SvF Katedra hydrotechniky  |X 711  |U V170  |Y 17  |7 A000000711 
856 4 |a info a plný text  |u http://is.stuba.sk/zp/portal_zp.pl?podrobnosti=72628  |3 VAIS